Výživa hospodářských zvířat

Gespeichert in:
Bibliographische Detailangaben
Format: Buch
Sprache:Tschechisch
Veröffentlicht: Praha VŠE 1986
Ausgabe:2. přeprac. vyd.
Tags: Tag hinzufügen
Keine Tags, Fügen Sie das erste Tag hinzu!

MARC

LEADER 00000nam a2200000 4500
001 c039565
005 20251031072144.7
041 0 |a cze 
044 |a CZ 
245 1 0 |a Výživa hospodářských zvířat  |c Miroslav Strašrybka 
250 |a 2. přeprac. vyd. 
264 1 |a Praha  |b VŠE  |c 1986 
300 |a 100 s.